Personnages - Le Royaume des chats - Statistiques

Statistiques générales
  • Ce quiz a été pris 3 fois
  • Le résultat moyen est 3 sur 11
Statistiques - réponses
Par images Réponse % Correct
Muta (Renaldo Moon)
100%
Baron Humbert Von Gikkingen
50%
Haru
50%
Toto
50%
Hiromi
0%
Le roi des chats
0%
Naoko Yoshioka
0%
Natori
0%
Natoru
0%
Neige
0%
Prince Loon
0%
Aucun quiz correspondant
Distribution des résultats
% des personnes avec chaque résultat
Percentile par nombre de réponses
Votre historique - résultats
Vous n’avez pas pris ce quiz